00303 a2200109 450000500170000002000180001708200170003510000140005224500630006626000500012930000140017920250627041741.0 a9987-9092-1-3 a320.9676 MSE aMSEKWA, P aReflection on The First Decade of Multi- Party in Tanzania aDar Es SalaambHanns Seidel Foundationc2006. axiv,334p.